000 01370cam a22003497a 4500
001 16489610
005 20151208100526.0
008 101005s2008 njua b 001 0 eng d
010 _a 2010484153
020 _a0136044603 (pbk.)
020 _a9780131682252 (pbk.)
035 _a(OCoLC)ocn297811165
040 _aYDXCP
_cYDXCP
_dTXA
_dOCLCA
_dDLC
042 _alccopycat
050 0 0 _aTK165
_b.E42 2005
082 0 0 _a621.3
_223
610 2 0 _aNational Fire Protection Association.
245 0 0 _aElectrical level one :
_nLevel one.
_pannotated instructor's guide.
250 _a2005 NEC revision.
260 _aUpper Saddle River, N.J. :
_bPearson/Prentice Hall,
_cc2005.
300 _a1 v. (various pagings) :
_bcol. ill. ;
_c28 cm.
490 0 _aContren learning series
500 _a"National Center for Construction Education and Research."--Cover.
504 _aIncludes bibliographical references and index.
610 2 0 _tNational Electrical Code (2005)
_xStudy and teaching.
650 0 _aElectrical engineering
_xStudy and teaching.
650 0 _aElectric wiring, Interior
_xStudy and teaching.
710 2 _aNational Center for Construction Education and Research (U.S.)
906 _a7
_bcbc
_ccopycat
_d2
_encip
_f20
_gy-gencatlg
942 _2lcc
_cBK
999 _c45479
_d45479